000 00374nam a22001457a 4500
999 _c523540
_d523540
003 NUST
038 _awaseem
082 _a954.6
_bULL
100 _aUllah, Imdad
_914110
245 _aKashmir Conflict : Changing Dynamics and The Prospects for Peace /
_cImdad Ullah
260 _aIslamabad :
_bNUST,
_c2019.
300 _a274 p. ;
500 _aPaperback.
942 _2ddc
_cBK